Chargement en cours...
Foliicolous fungal flora of malabar wildlife sanctuary in Kerala state
| Auteurs principaux: | , |
|---|---|
| Collectivité auteur: | |
| Format: | Ph.D Thesis |
| LEADER | 00475nam a22001097a 4500 | ||
|---|---|---|---|
| 999 | |c 184460 |d 184456 | ||
| 100 | |a Lini K.Mathew, Research scholar |9 160061 | ||
| 100 | |a Neeta N.Nair, Guide |9 160062 | ||
| 245 | |a Foliicolous fungal flora of malabar wildlife sanctuary in Kerala state | ||
| 710 | |a Mahatma Gandhi University, Kottayam |b Mar Thoma College, Thiruvalla |f 8/11/2018 |k Thesis |9 160063 | ||
| 942 | |c THES | ||
| 952 | |0 0 |1 0 |4 0 |7 0 |9 183157 |a MGUL |b MGUL |d 2019-07-05 |l 0 |p T03398 |r 2019-07-05 |w 2019-07-05 |y THES | ||